000 00897nmm a2200289 a 4500
001 ocm000924470
003 TR-IsHL
005 20201028145221.0
008 150110s2010 tu tur
007 cr cn
020 _a9786055904562
035 _a924470
_b(N$T)
050 0 4 _aHT1521
_b.Ö37 2010
090 0 4 _aHT1521
_b.Ö37 2010
100 1 _aÖzbek, Sinan
245 1 0 _aIrkçılık
_h[electronic resource] /
_cSinan Özbek
250 _a1. bs
260 _aİstanbul :
_bNotos Kitap Yayınevi,
_c2010
300 _a168 p.
500 _aKaynakça ve dizin var.
_x
650 4 _aSosyoloji
650 4 _aSociology
650 0 _aIrkçılık
_x Tarih
650 0 _aRacism
_x History
650 7 _aPOLITICAL SCIENCE / Political Ideologies / Nationalism & Patriotism
_2bisacsh
856 4 0 _uhttp://search.ebscohost.com/login.aspx?direct=true&scope=site&db=e011xww&AN=924470
999 _c9839
_d9839